Kvalita ako faktor stratégie rozvoja cestovného ruchu na Slovensku

Možnosti vnímania kvality CR, ktoré je dôležité pre správne chápanie kvality ako faktora stratégie rozvoja CR na Slovensku. Kvalita služieb CR so zameraním na hotelierstvo a kvalitu strediska cestovného ruchu.

Gespeichert in:
Bibliographische Detailangaben
1. Verfasser: Hanesová, Lívia
Weitere Verfasser: Tvrdoňová, Katarína
Format: Buchkapitel
Sprache:Slowakisch
Schlagworte:
Tags: Tag hinzufügen
Keine Tags, Fügen Sie das erste Tag hinzu!

MARC

LEADER 00000naa$a2200000$$$4500
001 0066274
005 20220322083303.2
041 0 |a slo 
044 |a SK 
245 1 0 |a Kvalita ako faktor stratégie rozvoja cestovného ruchu na Slovensku  |c Lívia Hanesová, Katarína Tvrdoňová 
520 |a Možnosti vnímania kvality CR, ktoré je dôležité pre správne chápanie kvality ako faktora stratégie rozvoja CR na Slovensku. Kvalita služieb CR so zameraním na hotelierstvo a kvalitu strediska cestovného ruchu. 
610 2 0 |a ruch cestovný 
610 2 0 |a služby 
610 2 0 |a kvalita 
610 2 0 |a hotelierstvo 
610 2 0 |a strediská ruchu cestovného 
100 1 |a Hanesová, Lívia 
700 1 |a Tvrdoňová, Katarína